El segundo Isaías. El profeta del nuevo éxodo.

Збережено в:
Бібліографічні деталі
Автор: Wiener, Claude (autor)
Формат: Книга
Мова:Іспанська
Опубліковано: Estella, España: Verbo Divino (EVD), 1985.
Редагування:4a. edición.
Серія:Cuadernos Bíblicos,
Предмети:
Теги: Додати тег
Немає тегів, Будьте першим, хто поставить тег для цього запису!

MARC

LEADER 00000nam a2200000 a 4500
001 UCL7925
003 CL-VaPUC
005 20230929101308.0
008 040604t19850000SP |||||||||||||||||spa|d
999 |c 441885  |d 441883 
020 |a 8471512289 
040 |c Pontificia Universidad Católica de Valparaíso 
082 0 4 |a 224.1 WIE 1985  |2 21 
100 |a Wiener, Claude  |e autor  |9 320761 
245 1 3 |a El segundo Isaías.  |b El profeta del nuevo éxodo. 
250 |a 4a. edición. 
260 |a Estella, España:  |b Verbo Divino (EVD),  |c 1985. 
300 |a 62 páginas. 
490 0 |a Cuadernos Bíblicos,   |n  20. 
500 |a c.1 Donación Sr. Jorge Precht Pizarro. 26-05-23. Biblioteca Teología. 
583 |a last modification  |c 20130402 08:46:50  |k Yessy Sthefany Diaz Vidal 
600 0 |a Isaías   |9 432157  |x Libros proféticos   |x Biblia   |y Siglo VIII a.C. 
650 0 |a Profetas  |9 314377  |x Antiguo testamento   |v Crítica e interpretación 
942 |c BK  |2 ddc 
945 |d 20040604 00:00:00  |a cmena 
952 |0 0  |1 0  |2 ddc  |4 0  |6 224_100000000000000_WIE_1985  |7 0  |8 A  |9 591748  |a BIBTEO  |b BIBTEO  |d 2023-09-28  |e Donación   |i 5658841  |o 224.1 WIE 1985  |p 5658841  |r 2025-01-17  |t 1  |w 2023-09-28  |y BK  |k ICR